Kontury państw obu Ameryk według stolic (Bardzo Trudne +) - Statystyki

Ogólne statystyki
  • Ten quiz został rozwiązany 23 razy
    6 od ostatniego zresetowania
  • Średni wynik to 31 z 57
Statystyki odpowiedzi
Obrazkowy Odpowiedź % Poprawnych
Asunción
100%
Belmopan
100%
Bogota
100%
Brasília
100%
Buenos Aires
100%
Gwatemala
100%
Lima
100%
Meksyk
100%
Montevideo
100%
Nassau
100%
Panama
100%
San Salvador
100%
Santiago
100%
Sucre/ La paz
100%
Waszyngton
100%
Caracas
67%
Georgetown
67%
Ottawa
67%
Paramaribo
67%
Port-au-Prince
67%
Quito
67%
Basse-Terre
33%
Basseterre
33%
Bridgetown
33%
Castries
33%
Charlotte Amalie
33%
Cockburn Town
33%
Fort-de-France
33%
George Town
33%
Gustavia
33%
Hamilton
33%
Hawana
33%
Kajenna
33%
Kingston
33%
Kingstown
33%
Kralendijk
33%
Managua
33%
Marigot
33%
Nuuk
33%
Oranjestad
33%
Oranjestad
33%
Philipsburgh
33%
Plymouth/ Brades
33%
Port of Spain
33%
Road Town
33%
Roseau
33%
Saint George's
33%
Saint John's
33%
Saint-Pierre
33%
San José
33%
San Juan
33%
Santo Domingo
33%
Stanley
33%
Tegucigalpa
33%
The Bottom
33%
The Valley
33%
Willemstad
33%
Nie znaleziono quizów pasujących do podanych kryteriów
Rozkład punktacji
Procent ludzi z każdym wynikiem
Percentyl według liczby udzielonych odpowiedzi
Twoja historia wyników
Nie rozwiązałeś tego quizu od ostatniego zresetowania